Quiz o Stambule - Statystyki

Ogólne statystyki
  • Ten quiz został rozwiązany 2 283 razy
  • Średni wynik to 10 z 20
Statystyki odpowiedzi
Wskazówka Odpowiedź % Poprawnych
Który cesarz rzymski uczynił miasto stolicą Cesarstwa Rzymskiego w 330 roku? Konstanty
95%
Jaka była ostatnia dawna nazwa Stambułu? Konstantynopol
93%
Jakie dwa morza łączy ta cieśnina? Morze {Czarne}
80%
Jak nazywało się państwo, w którym leżało powyższe miasto? Bizancjum
69%
W jakiej cieśninie leży Stambuł? Bosfor
63%
Jaki starożytny szlak handlowy łączył Stambuł i Chiny? {Jedwabny} Szlak
61%
Który budynek był kiedyś kościołem, potem meczetem, potem muzeum, a teraz znowu meczetem? Hagia Sophia
58%
Jaka dawna linia kolejoiwa łączyła Paryż i Stambuł? {Orient} Express
55%
Jak nazywa się odnoszący największe sukcesy klub piłkarski z siedzibą w Stambule? Galatasaray
42%
Jakie dwa morza łączy ta cieśnina? Morze {Marmara}
42%
Jaki był najpopularniejszy sport w czasach bizantyjskich? Wyścigi {rydwanów}
42%
Przed I wojną światową około 25% mieszkańców Stambułu mówiło w tym języku. Dziś jest to 0%. Grecki
41%
Jaka jest najbliższa zagraniczna stolica dla Stambułu? Bukareszt
37%
Jak nazywa się największy zadaszony stary rynek na świecie? {Wielki} Bazar
32%
Jaki wlot tej cieśniny przecina Stambuł? {Złoty} Róg
32%
Który sułtan podbił miasto w 1453 roku, czyniąc je stolicą Imperium Osmańskiego? Mehmed {Zdobywca}
27%
Jak powszechnie znany jest meczet sułtana Ahmeda? {Błękitny} Meczet
26%
Jak nazywa się przywódca kościoła prawosławnego z siedzibą w Stambule? Patriarcha {Konstantynopola}
23%
Na jakim półwyspie, zaczynająca się od litery T, leży europejska część Stambułu? Tracja
19%
Jakie jest najbardziej ruchliwe lotnisko w Stambule? Atatürk
18%
Nie znaleziono quizów pasujących do podanych kryteriów
Rozkład punktacji
Procent ludzi z każdym wynikiem
Percentyl według liczby udzielonych odpowiedzi
Twoja historia wyników
Nie rozwiązałeś tego quizu